00519nam a2200193 a 4500001001300000003000900013005001700022008004100039020001000080082001300090100001900103245007800122260003900200300000900239500003500248505001000283650001300293700001900306nice12345678IN_TiNIC20260116012800.0050524s0000 lona grp 000 0 eng  ac10000a230bWIL aWiles, Maurice aMaking of Christian Doctrineb Study in the Principles of Early Doctrinal aLondonbCambridge Universityc0000 a184p aincludes index and biblioraphy2 aIndex aTheology1 aWiles, Maurice